Statistiken für Tiernamen - Wörterrätsel

Klicken Sie hier um das Quiz zu spielen!

Allgemein

  • Dieses Quiz wurde 810 mal gespielt
  • Das Durchschnittsergebnis liegt bei 13 aus 22

Antwortstatistiken

HinweisTier% Korrekt
Hüpfen + Peripheriegerät zur Bedienung des Computers Springmaus
86%
Gegenteil von Wenig + Lebensmittel (vulgär)Vielfraß
83%
Sehen (englisch) + HimmelskörperSeestern
80%
Tiermund + Schleudern eines Gegenstand von sich wegMaulwurf
78%
Wasserhügel + Sitzen (englisch) + Pronomen 1.Person singularWellensittich
78%
Stehendes Gewässer + Grünes GemüseSeegurke
77%
Pronomen 3. Person Singular (englisch) + FingerschmuckHering
68%
Hörorgan + ZwickenderOhrenkneifer
68%
Frau, welche den Weltenschöpfer preistGottesanbeterin
67%
Signalfarbe + Englischer Name von MailandRotmilan
66%
Mutter Gottes + VW-AutoMarienkäfer
64%
Niederschlag + Selbstvervielfätigendes ComputerprogrammRegenwurm
64%
Höchstwertige Ziffer + SehorganNeunauge
59%
Barocker Komponist + Spielgerät, welches die Beine verlängertBachstelze
57%
Eingabepasswort beim Geldabheben + Grafische Komponente von Software (Abkürzung) + Symbol von StickstoffPinguin
56%
Kommunikationsmittel + GehörloseBrieftaube
55%
Langwellige Farbe +Teil des Halses (diminuitiv)Rotkehlchen
49%
Stab + ZeitungsfalschmeldungStockente
47%
Heimischer Laubbaum + Waffel für EiscremeEichhörnchen
41%
Baumreiches Gebiet + SonderlingWaldkauz
36%
Bischofskirche + Abwertende Bezeichnung für PriesterDompfaff
29%
Hirtengott + Gegenteil von wegPanda
21%

Verteilung der Resultate

Perzentil nach korrekt beantworteten Fragen

Anzahl Personen mit jedem Resultat

Ihre Resultats-Entwicklung

Sie haben dieses Quiz noch nicht gespielt